| 000 | 01000nam a2200277Ia 4500 | ||
|---|---|---|---|
| 005 | 20260324133314.0 | ||
| 008 | 008 260324s9999 xx 000 0 eng d | ||
| 020 | _a9781315220086 | ||
| 037 | _aEBOOK | ||
| 040 | _aCRL | ||
| 040 | _beng | ||
| 040 | _cCRL | ||
| 041 | _2eng | ||
| 041 | _aeng | ||
| 084 | _qCRL | ||
| 100 |
_aRicardo L. de Queiroz; Alexander D. Poularikas; Kenneth A. Parulski; Farhan A. Baqai; Garrett M. Johnson; Mark D. Fairchild; Patrick Emmel; Jan Morovic; Raja Balasubramanian; Alain Tremeau; Luc Brun; Jan P. Allebach; R. Victor Klassen; Kevin E. Spaulding; Ufuk Agar; Edward Giorgianni; Keith Knox; Charles Hains; Shen-ge Wang; Gaurav Sharma; Thomas Madden; Gaurav Sharma; Raja Bala _91192591 |
||
| 245 | 0 | _aDigital Color Imaging Handbook | |
| 260 | _bTaylor and Francis | ||
| 260 | _c2003 | ||
| 365 | _a | ||
| 365 | _b520 | ||
| 856 | _uhttp://www.taylorfrancis.com/books/9781315220086 | ||
| 942 | _cEBOOK | ||
| 999 |
_c1791502 _d1791502 |
||